Theories of international relations and their view of international organizations

Salvato in:
Dettagli Bibliografici
Autore principale: Grešš, Martin, 1978-
Natura: Capitolo di libro
Lingua:inglese
Tags: Aggiungi Tag
Nessun Tag, puoi essere il primo ad aggiungerne!!

MARC

LEADER 00000naa$a2200000$$$4500
001 0062411
005 20240502083150.6
041 0 |a eng 
044 |a CZ 
245 1 0 |a Theories of international relations and their view of international organizations  |c Martin Grešš 
100 1 |a Grešš, Martin, 1978-